000 00414nam a2200181Ia 4500
001 10415
005 20260306161830.0
008 260306t1979||||xx |||||||||||||| ||spa||
041 _aESP
082 _a923.587
_bM14
100 _aMadariaga, Salvador de
_eAUT
245 0 _aBolívar (I)
260 _c1979
300 _a461 páginas :
_c20 cm.
650 _aGEN
654 _aCHU
942 _cLIB
_dJUS
_fJUS
_2ddc
_n
999 _c10415
_d10415